Pokemon der Arenaleiter Johto - Statistiken

Allgemein
  • Dieses Quiz wurde 191 mal gespielt
  • Das Durchschnittsergebnis liegt bei 18 aus 20
Antwortstatistiken
Hint Antwort % Korrekt
Tauboga
97%
Falk Taubsi
96%
Sandra Dragonir
93%
Gengar
93%
Miltank
93%
Stahlos
93%
Alpollo
92%
Jens Nebulak
90%
Seedraking
90%
Keifel
88%
Sichlor
88%
Jugong
87%
Kokuna
86%
Kai Safcon
86%
Norbert Jurob
85%
Jasmin Magnetilo
85%
Bianka Piepi
82%
Quappo
81%
Hartwig Rasaff
78%
HG/SS Garados
70%
Keine übereinstimmenden Quizze gefunden
Verteilung der Resultate
Anzahl Personen mit jedem Resultat
Perzentil nach korrekt beantworteten Fragen
Ihre Resultats-Entwicklung
Sie haben dieses Quiz noch nicht gespielt